000 00769nam a22002658i 4500
001 11373
003 BD-RjUL
005 20211208235120.0
008 140126s1976 nyu b 00010 eng
020 _a0471615668
035 _a(BD-RjUL)
040 _aDLC
_cDLC
_dBD-RjUL
_beng
041 _aeng
082 _a550.5
_bNOG 1976
100 1 _aNorris, Robert M.
_q(Robert Matheson),
_d1921-
_935163
245 1 0 _aGeology of California /
_cRobert M. Norris and Robert W. Webb.
260 _aNew York :
_bWiley,
_c1976.
300 _axi, 365, 13 p. :
_bill. ;
_c26 cm.
504 _aIncludes bibliographies.
650 0 _aGeology
_zCalifornia.
_935164
700 1 _aWebb, Robert Wallace,
_d1909-
_935165
942 _2ddc
_cBK
999 _c11373
_d11373